Legislación hipotecaria y del registro mercantil / (Record no. 8194)

MARC details
000 -LEADER
campo de control de longitud fija 00997nam a2200301 i 4500
001 - NÚMERO DE CONTROL
campo de control 8194
003 - IDENTIFICADOR DE NÚMERO DE CONTROL
campo de control ES-MaACL
005 - FECHA Y HORA DE LA ÚLTIMA TRANSACCIÓN
campo de control 20250827062554.0
007 - CAMPO FIJO DE DESCRIPCIÓN FÍSICA--INFORMACIÓN GENERAL
campo de control de longitud fija t|
008 - DATOS DE LONGITUD FIJA--INFORMACIÓN GENERAL
campo de control de longitud fija 920303s1991 sp ||||1| spa d
020 ## - NÚMERO INTERNACIONAL ESTÁNDAR DEL LIBRO
Número Internacional Estándar del Libro 84-7398-928-7
080 ## - NÚMERO DE LA CLASIFICACIÓN DECIMAL UNIVERSAL
Número de la Clasificación Decimal Universal 347.7(46)(094.4)
110 1# - ENTRADA PRINCIPAL--NOMBRE DE ENTIDAD CORPORATIVA
Nombre de entidad corporativa o nombre de jurisdicción como elemento de entrada España
9 (RLIN) 3622
240 10 - TÍTULO UNIFORME
Título uniforme Ley hipotecaria, 1946
245 10 - MENCIÓN DEL TÍTULO
Título Legislación hipotecaria y del registro mercantil /
Mención de responsabilidad, etc. edición preparada por José Manuel García y García.
250 ## - MENCION DE EDICION
Mención de edición [12ª ed.].
260 ## - PUBLICACIÓN, DISTRIBUCIÓN, ETC.
Lugar de publicación, distribución, etc. Madrid :
Nombre del editor, distribuidor, etc. Civitas,
Fecha de publicación, distribución, etc. 1991.
300 ## - DESCRIPCIÓN FÍSICA
Extensión 844 p. ;
Dimensiones 16 cm.
490 1# - MENCIÓN DE SERIE
Mención de serie Biblioteca de legislación ;
Designación de volumen o secuencia 21
650 #4 - PUNTO DE ACCESO ADICIONAL DE MATERIA--TÉRMINO DE MATERIA
Término de materia o nombre geográfico como elemento de entrada Hipotecas-
Subdivisión geográfica España-
Subdivisión de forma Legislación.
9 (RLIN) 13366
650 14 - PUNTO DE ACCESO ADICIONAL DE MATERIA--TÉRMINO DE MATERIA
Término de materia o nombre geográfico como elemento de entrada Registro mercantil-
Subdivisión geográfica España-
Subdivisión de forma Legislación.
9 (RLIN) 16770
655 #0 - TERMINO DE INDIZACIÓN--GENERO/FORMA
Datos o término principal de género/forma Legislación
9 (RLIN) 226283
700 1# - ENTRADA AGREGADA--NOMBRE PERSONAL
Nombre de persona García y García, José Manuel.
9 (RLIN) 55434
830 0# - PUNTO DE ACCESO ADICIONAL DE SERIE-TÍTULO UNIFORME
Título uniforme Biblioteca de legislación ;
Designación de volumen o secuencia 21
9 (RLIN) 177899
852 ## - LOCALIZACIÓN
Ubicación ES-MaACL
Número de control de estantería L-15396
Sublocalización o colección R.127148
itemnumber 8422
Ubicación en estantería Depósito J
942 ## - ELEMENTOS DE ENTRADA SECUNDARIOS (KOHA)
Fuente del sistema de clasificación o colocación Clasificación decimal universal
Holdings
Estatus retirado Estado de pérdida Fuente del sistema de clasificación o colocación Estado de daño No para préstamo Biblioteca de origen Biblioteca actual Ubicación en estantería Fecha de adquisición Fuente de adquisición Total de préstamos Signatura topográfica completa Código de barras Visto por última vez Precio de reemplazo Tipo de ítem Koha
    Clasificación decimal universal     Biblioteca del Ateneo de Madrid Biblioteca del Ateneo de Madrid Depósito 2 17/01/2008 Compra   L-15396 1008357 23/02/2023 23/02/2023 Libro impreso